| 000 | 01232nam a22003737a 4500 | ||
|---|---|---|---|
| 001 | 236 | ||
| 003 | FISKH | ||
| 005 | 20250210100707.0 | ||
| 008 | 230309b cb ||||| |||| 00| 0 eng d | ||
| 020 | _a9780547577098 | ||
| 040 |
_aDLC _cDLC _beng _dFISKH |
||
| 042 |
_apcc _alcac |
||
| 043 | _ae-dk--- | ||
| 050 | 0 | 0 |
_aPZ7.L9673 _bNu 2011 |
| 082 | 0 | 0 |
_a813.54 _223 |
| 100 | 1 | _aLowry, Lois. | |
| 245 | 1 | 0 |
_aNumber the stars / _cLois Lowry. |
| 260 |
_aBoston _bSandpiper _c2011 |
||
| 300 |
_a137 p. ; _c20 cm. |
||
| 500 | _a"With a new introduction by the author"--Cover. | ||
| 505 | _aM | ||
| 520 | _aIn 1943, during the German occupation of Denmark, ten-year-old Annemarie learns how to be brave and courageous when she helps shelter her Jewish friend from the Nazis. | ||
| 521 | 8 |
_a670
_bLexile |
|
| 521 | 8 |
_aM
_bRaz-Plus |
|
| 586 | _aNewbery Medal, 1990. | ||
| 650 | 0 |
_aWorld War, 1939-1945 _zDenmark _vJuvenile fiction. |
|
| 650 | 0 | _aHalocaust Fiction | |
| 650 | 1 |
_aWorld War, 1939-1945 _zDenmark _vFiction. |
|
| 650 | 1 |
_aWorld War, 1939-1945 _xJews _xRescue _vFiction. |
|
| 650 | 1 |
_aFriendship _vFiction. |
|
| 651 | 1 |
_aDenmark _vFiction. |
|
| 906 |
_a7 _bcbc _corignew _d2 _encip _f20 _gy-gencatlg |
||
| 942 |
_2ddc _cBK _n0 |
||
| 999 |
_c236 _d236 |
||